Datum a čas kvízu

24 Celkem bodů Celkový počet nahraných bodů na tomto kvízu bez doplňovacích otázek.
7. Pořadí na kvízu Konečné umístění týmu na tomto kvízu.

Zaznamenané odpovědi

# Otázka Odpověď Body Výsledky
1. Která česká televizní stanice... TV Barrandov 1
2. Bizarní tragédie se odehrála v... v Rakousku 0
3. Ve čtvrtek mělo v českých kine... Aristokratka ve varu, Evžen Boček 0
4. Jistá kurýrní společnost působ... DPD 0
5. Jak se jmenuje 19letá česká te... Linda Nosková 0
6. Podíváme se do historie na výp... křížová výprava 0
7. Zajímavé byly osudy Přemyslovn... Dagmar, Dánsko 1
8. Jednou z možností, jak se dost... Jiří z Poděbrad 0
9. Územní velikost Rakouska-Uhers... Kotor 0
10. Období husitství představovalo... D 1